[Event "Tapolca (Women)"]
[Site "Budapest"]
[Date "1996.??.??"]
[Round "5"]
[White "Macek, Vlasta"]
[Black "Pastivnychna, Zorjana"]
[Result "1-0"]
[WhiteElo "2250"]
[BlackElo "2115"]
[PlyCount "73"]
[EventDate "1996.??.??"]
[EventType "tourn"]
[EventRounds "11"]
[EventCountry "HUN"]
[SourceTitle "EXT 1999"]
[Source "ChessBase"]
[SourceDate "1998.11.16"]
[SourceVersion "1"]
[SourceVersionDate "1998.11.16"]
[SourceQuality "1"]

1. d4 Nf6 2. c4 c5 3. Nf3 cxd4 4. Nxd4 d6 5. Nc3 Nc6 6. e4 g6 7. Be2 Bg7 8. Be3 Bd7 9. h3 Rc8 10. Qd2 Ne5 11. b3 Qa5 12. Rc1 Bc6 13. Nxc6 bxc6 14. 0-0 Ned7 15. Rfd1 Qc7 16. g3 h6 17. Bf1 Kf8 18. Bg2 Kg8 19. f4 Kh7 20. Qf2 a6 21. Na4 c5 22. Nc3 e6 23. Qd2 Bf8 24. g4 Nb8 25. Qf2 Nc6 26. Ne2 Ne8 27. f5 Qe7 28. Rf1 Bg7 29. h4 Bf6 30. g5 hxg5 31. hxg5 Bxg5 32. fxg6+ fxg6 33. Bxg5 Qxg5 34. Qf7+ Ng7 35. Rc3 Kh6 36. Rg3 Rhf8 37. Rxg5 1-0

[Event "Tapolca (Women)"]
[Site "Budapest"]
[Date "1996.??.??"]
[Round "2"]
[White "Pastivnychna, Zorjana"]
[Black "Kiss, Fernanda"]
[Result "0-1"]
[WhiteElo "2115"]
[BlackElo "2160"]
[PlyCount "92"]
[EventDate "1996.??.??"]
[EventType "tourn"]
[EventRounds "11"]
[EventCountry "HUN"]
[SourceTitle "EXT 1999"]
[Source "ChessBase"]
[SourceDate "1998.11.16"]
[SourceVersion "1"]
[SourceVersionDate "1998.11.16"]
[SourceQuality "1"]

1. d4 Nf6 2. Nf3 d5 3. c4 c6 4. Nc3 a6 5. e3 b5 6. cxd5 cxd5 7. Bd3 e6 8. 0-0 Be7 9. Bd2 0-0 10. Rc1 Bb7 11. Bb1 Nc6 12. Qe2 Na5 13. Rfd1 Rc8 14. Be1 Bb4 15. Ne5 Nc4 16. Nd3 Bd6 17. b4 Bc6 18. Nc5 a5 19. bxa5 Qc7 20. Bd3 Bxh2+ 21. Kh1 Bd6 22. Rb1 Bxc5 23. dxc5 b4 24. Bxc4 bxc3 25. Ba6 Ra8 26. Bxc3 Ne4 27. Be1 f5 28. Bd3 Rf6 29. f4 d4 30. Bxe4 Bxe4 31. Rb2 d3 32. Rxd3 Bxd3 33. Qxd3 Qxc5 34. Rc2 Qe7 35. a3 Rd8 36. Qb3 Kh8 37. Kg1 Rg6 38. Rb2 e5 39. fxe5 Qxe5 40. Qc3 Qe4 41. Rd2 Re8 42. Qd4 Qc6 43. Qd3 f4 44. e4 h6 45. Rb2 Rxe4 46. Kf1 Rxe1+ 0-1